00294nam a2200121Ia 4500008004100000041000900041082001700050100001700067245003000084260004200114300000800156650000800164230718s9999 xx 000 0 und d aEng. a34255bKHA-C aKhan, Hamid  0aConstitutional Political  aPakistanbOxford university lawc2001 a522 aLaw